[Event "Krakow-ch 3rd"]
[Site "Krakow"]
[Date "2012.08.10"]
[Round "3.20"]
[White "Kromka, Ryszard"]
[Black "Blaszczak, Jerzy"]
[Result "0-1"]
[WhiteElo "2071"]
[BlackElo "1658"]
[PlyCount "80"]
[EventDate "2012.08.08"]
[EventType "swiss"]
[EventRounds "9"]
[EventCountry "POL"]
[SourceTitle "EXT 2023"]
[Source "ChessBase"]
[SourceDate "2022.10.05"]
[SourceVersion "1"]
[SourceVersionDate "2022.10.05"]
[SourceQuality "1"]

1. e4 e5 2. Nf3 Nc6 3. Bb5 a6 4. Ba4 Nf6 5. 0-0 Nxe4 6. d4 b5 7. Bb3 d5 8. dxe5 Be6 9. c3 Be7 10. Re1 0-0 11. Nbd2 Ng5 12. Nxg5 Bxg5 13. Nf3 Bxc1 14. Rxc1 Ne7 15. Qd4 Qd7 16. Qc5 Rfe8 17. Rcd1 Rad8 18. Nd4 c6 19. f4 Nf5 20. a4 Nxd4 21. cxd4 Bf5 22. Rc1 Re6 23. axb5 axb5 24. Ra1 Rg6 25. Re2 Be4 26. Rf2 Qh3 27. g3 Rxg3+ 28. hxg3 Qxg3+ 29. Kf1 Bd3+ 30. Ke1 Qe3+ 31. Kd1 Qxf2 32. Qc3 Qe2+ 33. Kc1 Qf1+ 34. Kd2 Qxa1 35. Qxd3 Qxb2+ 36. Bc2 g6 37. Qe3 Ra8 38. e6 Ra2 39. exf7+ Kxf7 40. Qd3 Qxc2+ 0-1